[Event "III Torneo Hotel Petra"]
[Site "Roma ITA"]
[Date "2005.03.19"]
[Round "9"]
[White "Di Caro, Calogero"]
[Black "Kaps, Darja"]
[Result "1-0"]
[WhiteElo "2397"]
[BlackElo "2287"]
[PlyCount "129"]
[EventDate "2005.03.14"]

1. c4 Nc6 2. g3 e5 3. Bg2 Nf6 4. Nc3 Bb4 5. Nd5 Bc5 6. e3 O-O 7. Ne2 Re8 8. O-O
d6 9. d4 Bb6 10. Nxb6 axb6 11. d5 Ne7 12. Nc3 Ng6 13. e4 h6 14. a4 Bg4 15. f3
Bd7 16. b3 Nh7 17. Be3 f5 18. exf5 Bxf5 19. Ne4 Qd7 20. Nf2 Qf7 21. Qd2 Bd7 22.
h3 Ne7 23. Ne4 Nf5 24. Bf2 g5 25. g4 Ne7 26. h4 Ng6 27. hxg5 Nf4 28. gxh6 Qg6
29. Bg3 Qxh6 30. Rae1 Rf8 31. Rf2 Be8 32. Bf1 Bg6 33. Rh2 Qg7 34. Nf2 Ng5 35.
Re3 Rf7 36. Bh4 Nh7 37. Nh3 Raf8 38. Ng5 Nxg5 39. Bxg5 e4 40. Bh6 Qa1 41. Bxf8
Rxf8 42. Qc3 Qxc3 43. Rxc3 Nd3 44. fxe4 Ne5 45. Be2 Rf4 46. Kg2 Rxe4 47. Kg3
Rd4 48. Rf2 Kg7 49. Bf3 Kh6 50. Rh2+ Kg5 51. Rh8 Rf4 52. Rb8 Rf7 53. Rxb7 Bd3
54. Bg2 Rf4 55. Rxc7 Rxg4+ 56. Kf2 Kf4 57. Rc8 Rh4 58. Rf8+ Kg5 59. Rb8 Kf4 60.
Rxb6 Ng4+ 61. Kg1 Ke3 62. Bf1 Ne5 63. Rxd3+ Nxd3 64. Bxd3 Rg4+ 65. Kh2 1-0

[Event "III Torneo Hotel Petra"]
[Site "Roma ITA"]
[Date "2005.03.19"]
[Round "9"]
[White "Fayard, Alain"]
[Black "Djuric, Stefan"]
[Result "0-1"]
[WhiteElo "2288"]
[BlackElo "2470"]
[PlyCount "74"]
[EventDate "2005.03.14"]

1. c4 e5 2. Nc3 Nf6 3. g3 c6 4. d4 exd4 5. Qxd4 d5 6. Nf3 Na6 7. cxd5 Nb4 8.
Qd1 Nfxd5 9. Nxd5 Qxd5 10. Qxd5 cxd5 11. Nd4 Bc5 12. Bd2 Bxd4 13. Bxb4 Bxb2 14.
Rb1 Be5 15. Bg2 Be6 16. O-O O-O-O 17. e3 Kb8 18. f4 Bf6 19. f5 Bc8 20. g4 h5
21. h3 hxg4 22. hxg4 d4 23. Bc5 dxe3 24. Bxe3 Bd4 25. Rfe1 b6 26. Bxd4 Rxd4 27.
Re4 Rxe4 28. Bxe4 Rh4 29. Bf3 Bb7 30. Bxb7 Kxb7 31. Rb4 Kc6 32. Kg2 a5 33. Kg3
axb4 34. Kxh4 Kd5 35. Kg5 Ke5 36. Kh5 Kf4 37. Kh4 g6 0-1

[Event "III Torneo Hotel Petra"]
[Site "Roma ITA"]
[Date "2005.03.20"]
[Round "10"]
[White "Kaps, Darja"]
[Black "Djuric, Stefan"]
[Result "1/2-1/2"]
[WhiteElo "2287"]
[BlackElo "2470"]
[PlyCount "42"]
[EventDate "2005.03.14"]

1. e4 Nf6 2. e5 Nd5 3. d4 d6 4. c4 Nb6 5. Nf3 g6 6. exd6 cxd6 7. Be2 Bg7 8. O-O
O-O 9. Nc3 Nc6 10. Be3 Bg4 11. b3 Re8 12. Rc1 e5 13. dxe5 dxe5 14. c5 e4 15.
cxb6 exf3 16. Bxf3 Bxf3 17. Qxf3 axb6 18. Rfd1 Qh4 19. a4 Ne5 20. Qf4 Qh5 21.
Qg5 Qxg5 1/2-1/2

[Event "III Torneo Hotel Petra"]
[Site "Roma ITA"]
[Date "2005.03.20"]
[Round "10"]
[White "Martorelli, Antonio"]
[Black "Mrdja, Milan"]
[Result "1-0"]
[WhiteElo "2273"]
[BlackElo "2395"]
[PlyCount "91"]
[EventDate "2005.03.14"]

1. e4 c5 2. Nf3 e6 3. d4 cxd4 4. Nxd4 a6 5. Nc3 Qc7 6. Be2 Nf6 7. O-O Bb4 8.
Kh1 Nc6 9. Nxc6 bxc6 10. f4 d5 11. e5 Bxc3 12. bxc3 Ne4 13. Bf3 c5 14. c4 Bb7
15. cxd5 exd5 16. c4 d4 17. Qe1 Nc3 18. Bd2 O-O 19. Bxc3 dxc3 20. Qxc3 Bxf3 21.
Qxf3 Rad8 22. Rfd1 Rxd1+ 23. Rxd1 Rd8 24. Rd5 Qa5 25. h3 g6 26. Kh2 Rxd5 27.
Qxd5 Qxa2 28. Qd8+ Kg7 29. Qf6+ Kg8 30. Qd8+ Kg7 31. Qf6+ Kg8 32. e6 fxe6 33.
Qxe6+ Kg7 34. Qe7+ Kg8 35. Qxc5 a5 36. Qd5+ Kg7 37. Qe5+ Kf7 38. c5 a4 39. Qc7+
Kf6 40. Qd6+ Kf7 41. Qd7+ Kf6 42. c6 a3 43. c7 Qc4 44. c8=Q Qxf4+ 45. Kg1 Qe3+
46. Kf1 1-0

[Event "III Torneo Hotel Petra"]
[Site "Roma ITA"]
[Date "2005.03.20"]
[Round "10"]
[White "Miladinovic, Igor"]
[Black "Fayard, Alain"]
[Result "1-0"]
[WhiteElo "2611"]
[BlackElo "2288"]
[PlyCount "77"]
[EventDate "2005.03.14"]

1. d4 d5 2. c4 dxc4 3. e3 e6 4. Bxc4 Nf6 5. Nc3 c5 6. d5 a6 7. Qf3 exd5 8. Nxd5
Nbd7 9. Bd2 Be7 10. Bc3 Nxd5 11. Bxd5 Bf6 12. Qe4+ Kf8 13. Bxb7 Bxc3+ 14. bxc3
Nf6 15. Qc6 Bxb7 16. Qxb7 Qd5 17. Rb1 g6 18. Ne2 Kg7 19. Qxd5 Nxd5 20. Kd2 Rhd8
21. Kc2 Rd6 22. Rhd1 Rad8 23. e4 Nc7 24. Rxd6 Rxd6 25. a4 h5 26. Rb7 Ne8 27. f3
h4 28. Nf4 g5 29. Nd5 Re6 30. Ne3 Kf6 31. Ra7 Kg6 32. a5 Ng7 33. Rc7 f5 34.
exf5+ Nxf5 35. Nxf5 Kxf5 36. Rxc5+ Kf4 37. Kd3 Re1 38. Rc4+ Kf5 39. g4+ 1-0

[Event "III Torneo Hotel Petra"]
[Site "Roma ITA"]
[Date "2005.03.20"]
[Round "10"]
[White "Piscopo, Pierluigi"]
[Black "Vocaturo, Daniele"]
[Result "1/2-1/2"]
[WhiteElo "2344"]
[BlackElo "2276"]
[PlyCount "27"]
[EventDate "2005.03.14"]

1. e4 c5 2. Nf3 d6 3. d4 cxd4 4. Qxd4 a6 5. c4 Nc6 6. Qd2 g6 7. Nc3 Bg4 8. Be2
Bg7 9. b3 Nf6 10. Bb2 O-O 11. O-O Qa5 12. Rfd1 Nd7 13. Ne1 Be6 14. Nd5 1/2-1/2

[Event "III Torneo Hotel Petra"]
[Site "Roma ITA"]
[Date "2005.03.21"]
[Round "11"]
[White "Corvi, Marco"]
[Black "Kaps, Darja"]
[Result "1-0"]
[WhiteElo "2302"]
[BlackElo "2287"]
[PlyCount "51"]
[EventDate "2005.03.14"]

1. c4 Nc6 2. Nc3 Nf6 3. Nf3 e5 4. e3 d5 5. cxd5 Nxd5 6. Bb5 Nxc3 7. bxc3 e4 8.
Ne5 Qg5 9. Qa4 Qxe5 10. Bxc6+ bxc6 11. Qxc6+ Kd8 12. Qxa8 Bc5 13. Rb1 Kd7 14.
c4 c6 15. Ba3 Re8 16. Bxc5 Qxc5 17. O-O Ba6 18. Rb8 Rxb8 19. Qxb8 Qxc4 20.
Qxa7+ Ke6 21. Ra1 g5 22. h3 h5 23. a4 h4 24. Qd4 Qxd4 25. exd4 Kd5 26. Rb1 1-0

[Event "III Torneo Hotel Petra"]
[Site "Roma ITA"]
[Date "2005.03.21"]
[Round "11"]
[White "Djuric, Stefan"]
[Black "Miladinovic, Igor"]
[Result "1-0"]
[WhiteElo "2470"]
[BlackElo "2611"]
[PlyCount "69"]
[EventDate "2005.03.14"]

1. Nf3 d5 2. e3 c6 3. c4 Nf6 4. Nc3 g6 5. d4 Bg7 6. Be2 O-O 7. O-O dxc4 8. Bxc4
Nbd7 9. h3 c5 10. Re1 Nb6 11. Bb3 Nbd5 12. Nxd5 Nxd5 13. dxc5 Nb4 14. Bxf7+
Kxf7 15. Qb3+ Qd5 16. Qxb4 Kg8 17. e4 Qc6 18. Nd4 Qf6 19. Be3 e5 20. Ne2 a5 21.
Qb6 Qf7 22. Nc3 g5 23. Nd5 Kh8 24. Nc7 Rb8 25. Rad1 Rg8 26. Qd6 Bxh3 27. gxh3
g4 28. Qd7 Qh5 29. Qf5 Qxh3 30. Ne6 Rbf8 31. Nxf8 Rxf8 32. Qg5 h6 33. Qg6 g3
34. Qxg3 Qh5 35. Kg2 1-0

[Event "III Torneo Hotel Petra"]
[Site "Roma ITA"]
[Date "2005.03.21"]
[Round "11"]
[White "Fayard, Alain"]
[Black "Martorelli, Antonio"]
[Result "0-1"]
[WhiteElo "2288"]
[BlackElo "2273"]
[PlyCount "80"]
[EventDate "2005.03.14"]

1. c4 Nf6 2. Nc3 g6 3. e4 d6 4. g3 Bg7 5. Bg2 O-O 6. Nge2 Nc6 7. O-O a6 8. d3
Rb8 9. f4 Bd7 10. h3 b5 11. g4 bxc4 12. dxc4 Na5 13. b3 Bc6 14. Be3 Ba8 15. Qe1
Nc6 16. Rd1 Nd7 17. g5 Nb4 18. Rd2 e6 19. h4 Qe7 20. a3 Nc6 21. b4 Nb6 22. Bxb6
cxb6 23. Qg3 f6 24. Bh3 Qd8 25. Bg4 f5 26. exf5 gxf5 27. Bf3 Qd7 28. Kh2 Ne5
29. Bxa8 Ng4+ 30. Kh3 Rxa8 31. Qf3 Qc8 32. Qd3 Re8 33. Na4 Qb7 34. Nd4 Bxd4 35.
Qxd4 e5 36. Qd3 exf4 37. Qxf5 Ne3 38. Qxf4 Qd7+ 39. Kh2 Nxf1+ 40. Qxf1 Qxa4 0-1

[Event "III Torneo Hotel Petra"]
[Site "Roma ITA"]
[Date "2005.03.21"]
[Round "11"]
[White "Mrdja, Milan"]
[Black "Piscopo, Pierluigi"]
[Result "1/2-1/2"]
[WhiteElo "2395"]
[BlackElo "2344"]
[PlyCount "34"]
[EventDate "2005.03.14"]

1. e4 c5 2. Nf3 e6 3. d4 cxd4 4. Nxd4 Nf6 5. Nc3 Nc6 6. Ndb5 d6 7. Bf4 e5 8.
Bg5 a6 9. Bxf6 gxf6 10. Na3 b5 11. Nd5 f5 12. c3 Bg7 13. exf5 Bxf5 14. Nc2 O-O
15. Nce3 Be6 16. Bd3 f5 17. Bc2 f4 1/2-1/2

[Event "I C.to Unione Europea"]
[Site "Cork IRL"]
[Date "2005.03.22"]
[Round "1"]
[White "Markos, Jan"]
[Black "Gandolfi, Gianfranco"]
[Result "1-0"]
[WhiteElo "2454"]
[BlackElo "1967"]
[PlyCount "55"]
[EventDate "2005.03.22"]

1. d4 Nf6 2. c4 e6 3. Nf3 d5 4. Nc3 Nbd7 5. Bg5 c6 6. e3 Qa5 7. Nd2 Bb4 8. Qc2
O-O 9. Nb3 Qa4 10. cxd5 exd5 11. Bd3 Re8 12. O-O Bxc3 13. bxc3 Ne4 14. Bf4 c5
15. c4 cxd4 16. exd4 dxc4 17. Bxe4 cxb3 18. axb3 Qxd4 19. Ra4 Qc5 20. Bxh7+ Kh8
21. Rc4 Qh5 22. Bg3 g5 23. Bd3 Nf6 24. Qc3 Kg7 25. Be5 Qh6 26. Rc5 Be6 27.
Bxf6+ Qxf6 28. Rxg5+ 1-0

[Event "I C.to Unione Europea"]
[Site "Cork IRL"]
[Date "2005.03.23"]
[Round "2"]
[White "Bischoff, Klaus"]
[Black "Rossi, Carlo"]
[Result "1-0"]
[WhiteElo "2555"]
[BlackElo "2367"]
[PlyCount "57"]
[EventDate "2005.03.22"]

1. d4 c5 2. d5 e5 3. e4 d6 4. Bb5+ Nd7 5. a4 Be7 6. Nf3 Ngf6 7. Nfd2 O-O 8. O-O
Kh8 9. Be2 Rg8 10. a5 g5 11. Nc3 Nf8 12. Nc4 h6 13. Re1 Ng6 14. Bd2 Bd7 15. Bf1
Rg7 16. Ra3 Rb8 17. Qb1 Ne8 18. b4 cxb4 19. Qxb4 Nc7 20. Be3 Na6 21. Qb2 g4 22.
g3 Nc5 23. Bxc5 dxc5 24. Rb3 Bc8 25. Nb5 Ra8 26. d6 Bf6 27. Nc7 Rb8 28. Na6 Ra8
29. Nxc5 1-0

[Event "I C.to Unione Europea"]
[Site "Cork IRL"]
[Date "2005.03.23"]
[Round "2"]
[White "Manca, Federico"]
[Black "Kotronias, Vasilios"]
[Result "1/2-1/2"]
[WhiteElo "2373"]
[BlackElo "2585"]
[PlyCount "148"]
[EventDate "2005.03.22"]

1. e4 c5 2. c3 Nf6 3. e5 Nd5 4. d4 cxd4 5. Nf3 Nc6 6. Bc4 Nb6 7. Bb3 d5 8. exd6
Qxd6 9. O-O Be6 10. Na3 dxc3 11. Qe2 Bxb3 12. Nb5 Qb8 13. axb3 g6 14. Be3 Nc8
15. bxc3 Bg7 16. Nbd4 O-O 17. Nxc6 bxc6 18. Qc2 a5 19. Bd4 Nd6 20. Bxg7 Kxg7
21. Ra4 c5 22. Rfa1 Qc7 23. Nd2 Rfd8 24. h3 Rd7 25. Qa2 Rad8 26. Nf1 Nf5 27.
Qc2 Qc6 28. Rxa5 Nh4 29. f3 Rd3 30. Qf2 Qf6 31. Rxc5 Rxc3 32. Rxc3 Qxc3 33. Rb1
Qd3 34. Rb2 Qc3 35. Rb1 Qb4 36. Qb2+ f6 37. Qf2 Nf5 38. Kh1 Rd3 39. Qc2 Rc3 40.
Qd2 Qc5 41. b4 Qc4 42. Qe1 e5 43. b5 Rb3 44. b6 Qb5 45. Nd2 Rb4 46. Rxb4 Qxb4
47. Qf2 Nd4 48. f4 Qxb6 49. fxe5 fxe5 50. Qe3 Qb5 51. Kh2 Qe2 52. Qxe2 Nxe2 53.
Ne4 h6 54. g3 Kf7 55. Kg2 Ke6 56. Kf3 Nd4+ 57. Ke3 Nf5+ 58. Kf3 Kd5 59. Nf6+
Kd4 60. Ne4 h5 61. h4 Nh6 62. Ng5 Kd5 63. Ke3 Ng4+ 64. Kf3 Nf6 65. Ke3 e4 66.
Kf4 Kd4 67. Ne6+ Kc4 68. Ke3 Kd5 69. Nf4+ Ke5 70. Nxg6+ Kf5 71. Nf4 Ke5 72.
Ng6+ Kf5 73. Nf4 Ke5 74. Ng6+ Kf5 1/2-1/2

[Event "I C.to Unione Europea"]
[Site "Cork IRL"]
[Date "2005.03.23"]
[Round "2"]
[White "Pastres, Roberto"]
[Black "Jonkman, Harmen"]
[Result "0-1"]
[WhiteElo "2175"]
[BlackElo "2399"]
[PlyCount "56"]
[EventDate "2005.03.22"]

1. e4 e5 2. Bc4 Nf6 3. d3 Nc6 4. Nc3 Na5 5. Nge2 Nxc4 6. dxc4 Bc5 7. Ng3 d6 8.
h3 Be6 9. Qd3 a6 10. O-O O-O 11. b3 Nd7 12. Be3 Re8 13. Rad1 Bxe3 14. Qxe3 b5
15. cxb5 axb5 16. Nxb5 Rxa2 17. c4 Qb8 18. Nh5 f6 19. g4 Nc5 20. g5 f5 21. exf5
Bxf5 22. Kh2 Bg6 23. Ng3 Rb2 24. h4 Rxb3 25. Qe2 Qc8 26. h5 Bd3 27. Qf3 Bxc4
28. Qc6 Bxb5 0-1

[Event "I C.to Unione Europea"]
[Site "Cork IRL"]
[Date "2005.03.24"]
[Round "3"]
[White "Gyimesi, Zoltan"]
[Black "Manca, Federico"]
[Result "1-0"]
[WhiteElo "2602"]
[BlackElo "2373"]
[PlyCount "85"]
[EventDate "2005.03.22"]

1. d4 d5 2. c4 e6 3. Nf3 c5 4. cxd5 exd5 5. Nc3 Nc6 6. g3 Nf6 7. Bg2 Be7 8. O-O
O-O 9. dxc5 Bxc5 10. Na4 Be7 11. Be3 Re8 12. Rc1 Bg4 13. h3 Bh5 14. a3 Qd7 15.
b4 Rad8 16. Bf4 Bxf3 17. exf3 Bd6 18. Bg5 Qf5 19. f4 h6 20. Bxf6 Qxf6 21. Nc3
Ne7 22. Re1 a5 23. Qa4 axb4 24. Nxd5 Qb2 25. Nxb4 Nc6 26. Bxc6 Rxe1+ 27. Rxe1
Bxb4 28. axb4 bxc6 29. Qxc6 Qxb4 30. Re8+ Rxe8 31. Qxe8+ Qf8 32. Qxf8+ Kxf8 33.
Kg2 Ke7 34. Kf3 Ke6 35. Ke4 f6 36. g4 g6 37. f5+ gxf5+ 38. gxf5+ Kd6 39. Kf4
Ke7 40. Kg4 Kf7 41. Kh5 Kg7 42. h4 Kh7 43. Kg4 1-0

[Event "I C.to Unione Europea"]
[Site "Cork IRL"]
[Date "2005.03.24"]
[Round "3"]
[White "Rossi, Carlo"]
[Black "Balogh, Emese"]
[Result "1-0"]
[WhiteElo "2367"]
[BlackElo "2111"]
[PlyCount "57"]
[EventDate "2005.03.22"]

1. e4 c5 2. Nf3 Nc6 3. Nc3 Nf6 4. Bb5 Qc7 5. O-O Nd4 6. Nxd4 cxd4 7. Nd5 Nxd5
8. exd5 Qc5 9. c4 a6 10. b4 Qxb4 11. Ba4 b5 12. cxb5 g6 13. d6 Qxd6 14. Qf3 Rb8
15. Ba3 Qb6 16. Qf4 e6 17. Qf6 Rg8 18. Bxf8 Rxf8 19. bxa6 Bxa6 20. Rfc1 Bd3 21.
h3 Qd6 22. Bd1 Qb6 23. a4 d5 24. a5 Qd8 25. Qxd4 Bb5 26. a6 Qd7 27. a7 Ra8 28.
Qb6 Bc4 29. Ba4 1-0

[Event "I C.to Unione Europea"]
[Site "Cork IRL"]
[Date "2005.03.24"]
[Round "3"]
[White "Thompson, Ian D."]
[Black "Gandolfi, Gianfranco"]
[Result "1-0"]
[WhiteElo "2256"]
[BlackElo "1967"]
[PlyCount "69"]
[EventDate "2005.03.22"]

1. c4 e6 2. Nc3 d5 3. d4 Nf6 4. Bg5 Nbd7 5. e3 c6 6. cxd5 exd5 7. Bd3 Qa5 8.
Nge2 h6 9. Bh4 Bd6 10. O-O O-O 11. Rc1 Re8 12. Qc2 b6 13. Qa4 Qxa4 14. Nxa4 Bb7
15. Bg3 Bxg3 16. Nxg3 g6 17. Rfe1 Rac8 18. b4 Re6 19. f3 Rce8 20. Kf2 Nb8 21.
h3 Kg7 22. a3 Nbd7 23. Nc3 b5 24. e4 dxe4 25. fxe4 a6 26. e5 Ng8 27. Nge4 R8e7
28. Nd6 Ba8 29. Bb1 Nxe5 30. dxe5 Rxe5 31. Rxe5 Rxe5 32. Re1 Rxe1 33. Kxe1 Ne7
34. Nce4 Nd5 35. Nc5 1-0

[Event "I C.to Unione Europea"]
[Site "Cork IRL"]
[Date "2005.03.25"]
[Round "4"]
[White "Hitzler, Philipp"]
[Black "Rossi, Carlo"]
[Result "1/2-1/2"]
[WhiteElo "2178"]
[BlackElo "2367"]
[PlyCount "162"]
[EventDate "2005.03.22"]

1. d4 Nf6 2. Nf3 c5 3. e3 Na6 4. c4 Rg8 5. Nc3 g5 6. a3 g4 7. Ng1 b6 8. d5 e5
9. Nge2 d6 10. Ng3 h5 11. Bd3 h4 12. Nge2 Nc7 13. Qc2 Bh6 14. Bd2 a6 15. b4 Bd7
16. Rb1 Kf8 17. O-O Nh7 18. Ne4 Ne8 19. bxc5 bxc5 20. f4 gxf3 21. Rxf3 Bg4 22.
Rf2 Ra7 23. Qb2 Qe7 24. Qb8 Kg7 25. Rb6 Rd7 26. Rb1 Nef6 27. Qb2 Nxe4 28. Bxe4
Qg5 29. Nf4 Nf6 30. Bd3 Kh8 31. Rbf1 Bg7 32. Ne2 e4 33. Bb1 Nxd5 34. Qc1 Nf6
35. Nf4 Re7 36. Bc3 Bc8 37. Qd2 Ng4 38. Re2 Ne5 39. Bxe4 Nxc4 40. Bxg7+ Rxg7
41. Qd3 Nxa3 42. Nd5 Re5 43. Rf4 Nb5 44. Bf3 Be6 45. Nf6 Bf5 46. Be4 Qxf6 47.
Bxf5 Qe7 48. Kf2 d5 49. Ra2 d4 50. e4 Qg5 51. Qf3 Qh6 52. Bc8 Reg5 53. Kf1 Nc7
54. Rxf7 Rxf7 55. Qxf7 Qg7 56. Qxg7+ Kxg7 57. Bxa6 Kf6 58. Bc4 Ke5 59. Ra7 Rg7
60. Ra5 Kd6 61. Kf2 Re7 62. Kf3 Re8 63. g3 hxg3 64. hxg3 Rf8+ 65. Ke2 Ra8 66.
e5+ Kc6 67. Rxa8 Nxa8 68. g4 Nc7 69. Kd3 Kd7 70. Bb3 Ke7 71. Ke4 Kf8 72. Bd1
Kf7 73. Bc2 Kg7 74. Bd3 Kh6 75. Kf4 Nd5+ 76. Ke4 Ne7 77. Be2 Kg5 78. Bd1 Kh4
79. Kd3 Kg5 80. Kc4 Kf4 81. e6 Ke5 1/2-1/2

[Event "I C.to Unione Europea"]
[Site "Cork IRL"]
[Date "2005.03.25"]
[Round "4"]
[White "Pastres, Roberto"]
[Black "D'Costa, Lorin A.R."]
[Result "0-1"]
[WhiteElo "2175"]
[BlackElo "2356"]
[PlyCount "66"]
[EventDate "2005.03.22"]

1. e4 c5 2. Nf3 e6 3. d4 cxd4 4. Nxd4 a6 5. Nc3 Qc7 6. g3 Nf6 7. Bg2 Bb4 8.
Nde2 Be7 9. O-O O-O 10. Nf4 Nc6 11. Nd3 d6 12. f4 b5 13. a3 Re8 14. e5 Nd7 15.
f5 Ndxe5 16. Nxe5 dxe5 17. f6 gxf6 18. Ne4 f5 19. Qh5 Bb7 20. Ng5 Bc5+ 21. Kh1
f6 22. Rxf5 fxg5 23. Bxg5 Nd4 24. Rf6 Bxg2+ 25. Kxg2 Nf5 26. Rf1 Bf8 27. g4 Ng7
28. Qh4 Qxc2+ 29. R1f2 Qe4+ 30. R2f3 Rac8 31. Bh6 Qb7 32. Qg5 e4 33. Rf7 exf3+
0-1

[Event "I C.to Unione Europea"]
[Site "Cork IRL"]
[Date "2005.03.26"]
[Round "5"]
[White "Gandolfi, Gianfranco"]
[Black "Lauterbach, Ingrid"]
[Result "0-1"]
[WhiteElo "1967"]
[BlackElo "2182"]
[PlyCount "66"]
[EventDate "2005.03.22"]

1. e4 d6 2. d4 Nf6 3. Nc3 g6 4. f4 Bg7 5. Nf3 c5 6. dxc5 Qa5 7. Bd3 Qxc5 8. Qe2
Nc6 9. Be3 Qa5 10. O-O O-O 11. a3 Bg4 12. Rae1 Nd7 13. Nd1 Nd4 14. Bxd4 Bxd4+
15. Kh1 Qb6 16. c3 Bg7 17. Ne3 Bxf3 18. Rxf3 e6 19. Nc4 Qc7 20. e5 dxe5 21.
Nxe5 Nxe5 22. fxe5 Rad8 23. Re3 a6 24. Bc4 Rd7 25. Ba2 Rfd8 26. Qf3 Rd2 27.
R3e2 Rxe2 28. Qxe2 Bxe5 29. h3 Bf4 30. Bxe6 fxe6 31. Qxe6+ Kg7 32. Rf1 Rf8 33.
Rd1 Rf7 0-1

[Event "I C.to Unione Europea"]
[Site "Cork IRL"]
[Date "2005.03.26"]
[Round "5"]
[White "McPhillips, Karl"]
[Black "Manca, Federico"]
[Result "0-1"]
[WhiteElo "2242"]
[BlackElo "2373"]
[PlyCount "81"]
[EventDate "2005.03.22"]

1. d4 d5 2. c4 e6 3. Nf3 c5 4. cxd5 exd5 5. Nc3 Nc6 6. g3 Nf6 7. Bg2 Be7 8. O-O
O-O 9. Bg5 cxd4 10. Nxd4 h6 11. Be3 Re8 12. Rc1 Bg4 13. h3 Be6 14. Nxc6 bxc6
15. Na4 Qd7 16. Kh2 Bf5 17. Bc5 Bd8 18. Bd4 Ne4 19. e3 Bc7 20. Nc5 Nxc5 21.
Bxc5 Be4 22. Qa4 h5 23. Bd4 Bxg2 24. Kxg2 Re6 25. h4 Rg6 26. Rc2 Re8 27. Rfc1
Bxg3 28. fxg3 Qg4 29. Kf2 Qxg3+ 30. Ke2 Qg2+ 31. Kd3 Qe4+ 32. Kd2 Rg2+ 33. Kc3
c5 34. Rxg2 cxd4+ 35. Kb3 Rb8+ 36. Ka3 Qxe3+ 37. b3 Qxc1+ 38. Rb2 Qc5+ 39. b4
Qc3+ 40. Rb3 Qc1+ 41. Rb2 0-1

[Event "I C.to Unione Europea"]
[Site "Cork IRL"]
[Date "2005.03.26"]
[Round "5"]
[White "Rossi, Carlo"]
[Black "Solleveld, Maarten"]
[Result "0-1"]
[WhiteElo "2367"]
[BlackElo "2468"]
[PlyCount "84"]
[EventDate "2005.03.22"]

1. e4 e5 2. Nf3 Nc6 3. Be2 Nf6 4. d3 d5 5. Nbd2 Bc5 6. O-O O-O 7. c3 a5 8. Qc2
Re8 9. Re1 b6 10. h3 h6 11. a4 Bb7 12. Nf1 Bd6 13. Ng3 Ne7 14. Nh4 c5 15. Bf3
Qc7 16. exd5 Nexd5 17. Nhf5 Bf8 18. Ne4 Rad8 19. Ne3 Re6 20. Nc4 Nh7 21. Bg4
Ree8 22. h4 g6 23. h5 Nhf6 24. Bf3 Nxh5 25. Bxh5 gxh5 26. Ng3 Qc6 27. f3 Qg6
28. Kf2 h4 29. Nf1 Bg7 30. Qb3 h3 31. gxh3 Qxd3 32. Nxa5 Ba8 33. Qc4 Qf5 34.
Ng3 Qxh3 35. Rh1 Qe6 36. Nb3 Nf4 37. Qxe6 Nd3+ 38. Kg2 Rxe6 39. Be3 Nxb2 40. a5
Nc4 41. Kf2 Rf6 42. Nd2 Nxd2 0-1

[Event "I C.to Unione Europea"]
[Site "Cork IRL"]
[Date "2005.03.27"]
[Round "6"]
[White "Fox, Anthony"]
[Black "Rossi, Carlo"]
[Result "0-1"]
[WhiteElo "2123"]
[BlackElo "2367"]
[PlyCount "62"]
[EventDate "2005.03.22"]

1. e4 Nf6 2. e5 Ng8 3. d4 d5 4. Bd3 c5 5. c3 Nc6 6. Ne2 Bg4 7. f3 Bd7 8. O-O
Qb6 9. Kh1 e6 10. dxc5 Bxc5 11. b4 Be7 12. Bf4 Qc7 13. Re1 Nxe5 14. Na3 Nxd3
15. Qxd3 Qb6 16. Nd4 Nf6 17. Nab5 Rc8 18. Rad1 a6 19. Na3 O-O 20. Nac2 Rfe8 21.
Be5 Ba4 22. Rd2 Nd7 23. Bg3 Bd6 24. Bxd6 Qxd6 25. Rde2 Qc7 26. Re3 Nf6 27. Qd2
e5 28. Ne2 d4 29. Ncxd4 exd4 30. Nxd4 Rxe3 31. Rxe3 Ne4 0-1

[Event "I C.to Unione Europea"]
[Site "Cork IRL"]
[Date "2005.03.27"]
[Round "6"]
[White "Manca, Federico"]
[Black "Miezis, Normunds"]
[Result "0-1"]
[WhiteElo "2373"]
[BlackElo "2547"]
[PlyCount "54"]
[EventDate "2005.03.22"]

1. e4 c5 2. c3 d5 3. exd5 Qxd5 4. d4 e6 5. Nf3 Nf6 6. Be3 cxd4 7. cxd4 Be7 8.
Nc3 Qa5 9. Bd3 O-O 10. O-O Nc6 11. a3 a6 12. Rc1 Bd7 13. Bb1 Rfd8 14. Qb3 Be8
15. Rfd1 Qh5 16. Ne4 Na5 17. Nxf6+ gxf6 18. Qb6 Ba4 19. Re1 Bc6 20. Nd2 Qb5 21.
Qxb5 axb5 22. Ne4 Nc4 23. Re2 f5 24. Nc5 f4 25. Bxf4 Rxd4 26. Ne4 f5 27. Bg5
Rxe4 0-1

[Event "I C.to Unione Europea"]
[Site "Cork IRL"]
[Date "2005.03.27"]
[Round "6"]
[White "Pastres, Roberto"]
[Black "Connolly, Suzanne"]
[Result "1-0"]
[WhiteElo "2175"]
[BlackElo "2052"]
[PlyCount "139"]
[EventDate "2005.03.22"]

1. e4 c6 2. d3 d5 3. Nd2 e5 4. Ngf3 Qc7 5. d4 exd4 6. exd5 cxd5 7. Nb3 Nc6 8.
Nbxd4 a6 9. h3 Nf6 10. c3 Be7 11. Bd3 O-O 12. O-O Bd7 13. Bg5 h6 14. Bh4 Rfe8
15. Qc2 Rac8 16. Rae1 Nxd4 17. Nxd4 Qb6 18. Nf5 Bc5 19. Qd2 Bf8 20. Qf4 Nh7 21.
Qd2 Nf6 22. Ne3 Bc5 23. Bxf6 Qxf6 24. Nxd5 Qh4 25. Qf4 Qxf4 26. Nxf4 Bc6 27.
Bf5 Rxe1 28. Rxe1 Rd8 29. Nd3 Bb6 30. Nb4 g6 31. Nxc6 bxc6 32. Bg4 Rd2 33. Re2
Rxe2 34. Bxe2 a5 35. Bf3 c5 36. Bd5 Kf8 37. Kf1 Ke7 38. Ke2 f6 39. Kd3 f5 40.
Kc4 Kd6 41. f4 g5 42. g3 gxf4 43. gxf4 Bc7 44. Bb7 Kd7 45. Kxc5 Bxf4 46. Kb5
Bc1 47. b3 Bd2 48. c4 Kc7 49. Bf3 Bc3 50. a3 Bd2 51. c5 Bc3 52. b4 axb4 53.
axb4 Be1 54. Kc4 Bd2 55. b5 Be3 56. b6+ Kb8 57. Bd5 Bf2 58. Kb5 Bg3 59. Be6 Bf4
60. Bxf5 Bg3 61. Kc4 Bf2 62. Kd5 Be3 63. Bd3 Bf2 64. Bb5 Be3 65. Be2 Bf2 66.
Kc6 Bg3 67. Kb5 Bf4 68. c6 Bg3 69. Bg4 Bf4 70. Kc4 1-0

[Event "I C.to Unione Europea"]
[Site "Cork IRL"]
[Date "2005.03.28"]
[Round "7"]
[White "Eisenbeiser, Amadeus"]
[Black "Manca, Federico"]
[Result "0-1"]
[WhiteElo "2312"]
[BlackElo "2373"]
[PlyCount "56"]
[EventDate "2005.03.22"]

1. d4 g6 2. e4 Bg7 3. Nc3 d6 4. Be3 a6 5. f4 b5 6. Bd3 Nd7 7. e5 Nh6 8. Nf3 O-O
9. a4 b4 10. Ne4 c5 11. e6 fxe6 12. Nfg5 Nf6 13. dxc5 d5 14. Nf2 e5 15. fxe5
Nfg4 16. Nxg4 Nxg4 17. Qe2 Bxe5 18. Nf3 Bxb2 19. Rb1 Nxe3 20. Rxb2 d4 21. Bc4+
Kh8 22. Rb3 Bg4 23. Rxe3 dxe3 24. Qxe3 Bxf3 25. gxf3 Qc7 26. Bd5 Rad8 27. Be4
Qe5 28. O-O Rc8 0-1

[Event "I C.to Unione Europea"]
[Site "Cork IRL"]
[Date "2005.03.28"]
[Round "7"]
[White "Rossi, Carlo"]
[Black "Upton, Timothy J."]
[Result "0-1"]
[WhiteElo "2367"]
[BlackElo "2256"]
[PlyCount "73"]
[EventDate "2005.03.22"]

1. e4 e5 2. Nf3 Nc6 3. Bb5 a6 4. Ba4 d6 5. Bxc6+ bxc6 6. d4 f6 7. Be3 Ne7 8.
Qd2 Ng6 9. Qc3 Bd7 10. Nbd2 Be7 11. h4 h5 12. O-O-O O-O 13. g3 Rb8 14. dxe5
fxe5 15. Ng5 d5 16. Nb3 Qe8 17. Nc5 Bxg5 18. Bxg5 Bg4 19. Rde1 Rf3 20. Nd3 Qe6
21. b3 Qd6 22. Kb2 Be6 23. Rhg1 d4 24. Qa5 Bc4 25. Qd2 Be6 26. Qe2 Bg4 27. Qd2
c5 28. Ka1 Be6 29. Rb1 Rbf8 30. Qd1 c4 31. bxc4 Bxc4 32. Bc1 Qc6 33. Rb2 Bxd3
34. cxd3 Rxf2 35. Qxh5 Rf1 36. Rb1 Rxg1 37. Qe2 0-1

[Event "I C.to Unione Europea"]
[Site "Cork IRL"]
[Date "2005.03.29"]
[Round "8"]
[White "Ebner, Johann"]
[Black "Rossi, Carlo"]
[Result "1/2-1/2"]
[WhiteElo "2103"]
[BlackElo "2367"]
[PlyCount "89"]
[EventDate "2005.03.22"]

1. d4 Nc6 2. c4 e5 3. d5 Nce7 4. e4 Ng6 5. g3 Bc5 6. h4 h5 7. Be2 b5 8. cxb5 a6
9. Qc2 Bb6 10. Na3 axb5 11. Bxb5 Ra5 12. Bd2 Rxb5 13. Nxb5 Ba6 14. a4 Nh6 15.
Bb4 d6 16. Qc6+ Kf8 17. a5 Bxb5 18. Qxb5 Qa8 19. Ra3 Ba7 20. a6 Ng4 21. Nh3 Ke7
22. Qb7 Bb6 23. Qxa8 Rxa8 24. Bd2 Nf8 25. f3 Nf6 26. Ke2 N8d7 27. b4 Ra7 28.
Be3 Ne8 29. Rc1 Bxe3 30. Kxe3 Nb8 31. b5 Nd7 32. Nf2 f5 33. Nd3 fxe4 34. fxe4
Ra8 35. a7 g6 36. Nb4 Kf7 37. Nc6 Nb6 38. Ra6 Kg7 39. Kd3 Kh6 40. Ne7 Nd7 41.
b6 Nxb6 42. Nc6 Nd7 43. Ra5 Nef6 44. Rb1 Nb6 45. Rab5 1/2-1/2